| 000 | 00666nam a2200241 a 4500 | ||
|---|---|---|---|
| 001 | BRCA_5985 | ||
| 005 | 20190320205305.0 | ||
| 008 | 290311s18701873gw-#######---#000-0#ger-# | ||
| 041 | _ager | ||
| 044 | _agw | ||
| 050 | 4 |
_aNE90 _b.H45 1870 |
|
| 100 | 1 |
_aHeller, Joseph _97360 |
|
| 245 | 1 | 0 |
_aHandbuch für kupferstichsammler _cJoseph Heller. |
| 260 |
_aLeipzig _bT. O. Weigel _c1870-73 |
||
| 300 |
_a2 v. _c24 cm. |
||
| 500 | _aG98 | ||
| 501 | _aContenido: v.1. 1873. -- v. 2. 1873 | ||
| 650 | 1 | 4 |
_aGrabadores _vDiccionarios _915119 |
| 650 | 1 | 4 |
_aGrabadores _vCatálogos _915120 |
| 700 | 1 |
_aAndresen, Andreas _d1828-1871 _97215 |
|
| 902 | _aGFM | ||
| 942 |
_2lcc _cB |
||
| 999 |
_c5674 _d5674 |
||